Introduction to agricultural economics
Saved in:
| Hovedforfatter: | |
|---|---|
| Format: | Bog |
| Sprog: | engelsk |
| Udgivet: |
CBS Publishers
2017
|
| Tags: |
Tilføj Tag
Ingen Tags, Vær først til at tagge denne postø!
|
MARC
| LEADER | 00000nam a22000007a 4500 | ||
|---|---|---|---|
| 008 | 240606b |||||||| |||| 00| 0 eng d | ||
| 020 | |a 9789306478283 | ||
| 100 | |a NAIN, Satbir Singh |a Mehala Vinay | ||
| 245 | |a Introduction to agricultural economics |c /Satbir Singh Nain, Vinay Mehala |g xiii, 153p;ill | ||
| 260 | |b CBS Publishers |c 2017 |h New Delhi |i 700668 |i 700669 |l HD1415.N14 |m Agriculture- Economic aspects |m Agriculture- Economic aspects-India | ||
| 942 | |a lcc |c BK |e Johnson |f 06/06/24 | ||
| 952 | |0 0 |1 0 |2 lcc |4 0 |6 HD1415 N14 |7 0 |9 5242 |a SSL |b HOL |c GJ |d 2024-06-06 |l 0 |o HD1415.N14 |p 2024-0487 |r 2024-06-06 00:00:00 |t 700668 |w 2024-06-06 |y BK | ||
| 952 | |0 0 |1 0 |2 lcc |4 0 |6 HD1415 N14 |7 0 |9 5243 |a HOL |b HOL |c GJ |d 2024-06-06 |l 0 |o HD1415.N14 |p 2024-0488 |r 2024-06-06 00:00:00 |t 700669 |w 2024-06-06 |y BK | ||
| 999 | |c 2598 |d 2598 | ||